TEKNOLOJİ FELSEFESİ (Record no. 1161664)

MARC details
000 -LEADER
sabit uzunluktaki kontrol alanı 00252nam a2200097Ia 4500
001 - KONTROL NUMARASI
kontrol alanı 1161664
005 - EN SON İŞLEMİN TARİH VE ZAMANI
kontrol alanı 20250827011630.0
008 - SABİT-UZUNLUKTA VERİ ÖĞELERİ--GENEL BİLGİ
sabit uzunluktaki kontrol alanı 250824s9999 xx 000 0 und d
245 #0 - ESER / YAZAR
ESER ADI TEKNOLOJİ FELSEFESİ
Yazar Adı STIG BORSEN HANSEN
260 ## - YAYIN, DAĞITIM, VB.
YAYIN EVİ KETEBE YAYINLARI
Holdings
Düşüm durumu Kayıp durumu Hasar Durumu Ödünç verilmez Ana kütüphane Geçerli Kütüphane Edinilen tarih Toplam ödünç verme sayısı Barkod Son görüntüleme tarihi Fiyatın geçerli olmaya başladığı tarih Koha materyal türü
        ŞEHİT ALİ DIĞRAK KÜTÜPHANESİ ŞEHİT ALİ DIĞRAK KÜTÜPHANESİ 24.08.2025   10245794 27.08.2025 27.08.2025 Books